Statistics for North American States, Provinces, Territories, and Capitals

Click here to take the quiz!

General Stats

  • This quiz has been taken 152 times
  • The average score is 111 of 192

Answers on the Map

Answers color-coded by a green-red scale on the quiz's map according to % correct below.
 

Answer Stats

Answer% Correct
Québec
89%
Québec City
89%
Alaska
88%
State of Mexico
87%
Newfoundland and Labrador
84%
Florida
83%
Hawaii
83%
California
82%
North Dakota
82%
Ontario
82%
Texas
82%
Washington
82%
Arizona
81%
Colorado
81%
Kansas
81%
Kentucky
81%
Maine
81%
Minnesota
81%
Nevada
81%
New York
81%
Oregon
81%
Utah
81%
Wyoming
81%
Georgia
80%
Idaho
80%
Iowa
80%
Michigan
80%
Montana
80%
New Mexico
80%
North Carolina
80%
Ohio
80%
Ottawa
80%
South Dakota
80%
Tennessee
80%
Wisconsin
80%
Alabama
78%
Arkansas
78%
British Columbia
78%
Indiana
78%
Missouri
78%
Nova Scotia
78%
South Carolina
78%
Virginia
78%
West Virginia
78%
Alberta
77%
Louisiana
77%
Mexico City
77%
Mississippi
77%
Nebraska
77%
New Jersey
77%
Nunavut
77%
Oklahoma
77%
Yukon
77%
Illinois
76%
Maryland
76%
Northwest Territories
76%
Pennsylvania
76%
Rhode Island
76%
Saskatchewan
76%
Vermont
76%
Massachusetts
75%
New Brunswick
75%
Toronto
75%
Connecticut
73%
Manitoba
73%
Delaware
72%
Honolulu
72%
New Hampshire
72%
Washington D.C.
70%
Austin
67%
Oklahoma City
67%
Phoenix
67%
Salt Lake City
67%
Baja California
66%
Juneau
66%
Tallahassee
66%
Boston
65%
Sacramento
65%
Yucatán
64%
Albany
63%
Atlanta
63%
Columbus
63%
Denver
63%
Edmonton
61%
Halifax
61%
Indianapolis
61%
Lincoln
60%
Little Rock
60%
St. John's
60%
Victoria
60%
Chihuahua
59%
Jackson
59%
Nashville
59%
Winnipeg
59%
Yellowknife
59%
Baton Rouge
58%
Montgomery
58%
Olympia
58%
Providence
58%
Salem
58%
Santa Fe
58%
Whitehorse
58%
Bismarck
57%
Regina
57%
Augusta
55%
Baja California Sur
55%
Iqaluit
55%
Jefferson City
55%
Sonora
55%
St. Paul
55%
Charleston
54%
Charlottetown
54%
Des Moines
54%
Springfield
54%
Concord
53%
Hartford
53%
Helena
53%
Lansing
53%
Madison
53%
Richmond
53%
Topeka
53%
Carson City
52%
Columbia
52%
Frankfort
52%
Harrisburg
52%
Trenton
52%
Annapolis
51%
Boise
51%
Cheyenne
51%
Dover
51%
Montpelier
51%
Nuevo León
51%
Oaxaca
51%
Oaxaca de Juárez
51%
Pierre
49%
Raleigh
49%
Veracruz
49%
Tabasco
48%
Chiapas
47%
Durango
47%
Fredericton
47%
Jalisco
47%
San Luis Potosí
46%
Campeche
43%
Nayarit
43%
Puebla
43%
Coahuila
42%
Guadalajara
42%
Quintana Roo
42%
Sinaloa
42%
Tamaulipas
42%
Aguascalientes
41%
Colima
41%
Guerrero
41%
Tlaxcala
41%
Zacatecas
41%
Hidalgo
39%
Mexicali
39%
Prince Edward's Island
39%
Michoacán
37%
Monterrey
37%
Querétaro
36%
Guanajuato
34%
Morelos
34%
Mérida
33%
La Paz
31%
Hermosillo
25%
Culiacán
24%
Xalapa
24%
Toluca
23%
Ciudad Victoria
22%
Saltillo
22%
Morelia
20%
Cuernavaca
19%
Pachuca
19%
Tepic
19%
Tuxtla Gutiérrez
19%
Chetumal
18%
Chihuahua City
18%
Chilpancingo
18%
Villahermosa
18%
Aguascalientes City
17%
Colima City
17%
Puebla City
17%
Tlaxcala City
17%
Zacatecas City
17%
Campeche City
16%
Durango City
16%
Guanajuato City
16%
Querétaro City
16%
San Luis Potosí City
16%

Score Distribution

Percentile by Number Answered

Percent of People with Each Score

Your Score History

You have not taken this quiz